[Event "Division Honor  - Grupo 7-10"]
[Site "?"]
[Date "2017.03.25"]
[Round "9.15"]
[White "Melendez Fierro, Juan Bautista"]
[Black "Roque Sola, Jose Luis"]
[Result "1-0"]
[WhiteElo "2134"]
[BlackElo "2177"]
[PlyCount "61"]
[EventDate "2017.03.11"]
[WhiteTeam "El Olivar"]
[BlackTeam "Agrupacion"]

1. e4 e6 2. d3 d5 3. Nd2 Nf6 4. Ngf3 c5 5. g3 b6 6. Bg2 Bb7 7. exd5 Bxd5 8. O-O
Be7 9. b3 Qc7 10. Bb2 O-O 11. Qe2 Nbd7 12. c4 Bb7 13. Ne4 Rad8 14. Rad1 Nxe4
15. dxe4 Bf6 16. Bxf6 Nxf6 17. Nh4 Rd4 18. Rxd4 cxd4 19. e5 Bxg2 20. Kxg2 d3
21. Qxd3 Qxe5 22. Rd1 g6 23. Nf3 Qh5 24. Qd4 Kg7 25. h3 Rc8 26. Ne5 Rc5 27. Re1
Qf5 28. g4 Qg5 29. b4 Rc8 30. f4 Qh4 31. Nf3 1-0

[Event "Division Honor  - Grupo 7-10"]
[Site "?"]
[Date "2017.03.25"]
[Round "9.16"]
[White "Mimbela Lopez, Miguel A"]
[Black "Arinez Bruna, Octavio"]
[Result "1-0"]
[WhiteElo "2146"]
[BlackElo "1890"]
[PlyCount "71"]
[EventDate "2017.03.11"]
[WhiteTeam "Agrupacion"]
[BlackTeam "El Olivar"]

1. e4 c5 2. Nc3 Nc6 3. Bb5 Nd4 4. f4 g6 5. Nf3 Bg7 6. Bc4 d6 7. O-O Nf6 8. e5
dxe5 9. fxe5 Nxf3+ 10. Qxf3 Qd4+ 11. Kh1 Qxe5 12. Bb5+ Kf8 13. d3 Qh5 14. Qf2
Be6 15. Bf4 Bh6 16. Bxh6+ Qxh6 17. Qxc5 Ng4 18. Qc7 Qe3 19. Qxb7 Kg7 20. Qf3
Qe5 21. Qf4 Rhc8 22. Rae1 Qxf4 23. Rxf4 Nf6 24. Ra4 Rab8 25. Ra5 Rc7 26. a4 Bc8
27. Rb1 Rxc3 28. bxc3 a6 29. c4 axb5 30. axb5 Nd7 31. Ra7 e5 32. Rba1 Bb7 33.
c3 Nc5 34. d4 Nb3 35. Rd1 e4 36. Ra3 1-0

[Event "Division Honor  - Grupo 7-10"]
[Site "?"]
[Date "2017.03.25"]
[Round "9.18"]
[White "Villuendas Valero, Adrian"]
[Black "Gella Lopez, Angel"]
[Result "1/2-1/2"]
[WhiteElo "2311"]
[BlackElo "2101"]
[PlyCount "115"]
[EventDate "2017.03.11"]
[WhiteTeam "St. Casablanca B"]
[BlackTeam "Atletismo Huesca"]

1. d4 Nf6 2. Bg5 d5 3. e3 Nbd7 4. Nf3 e6 5. Nbd2 Be7 6. Bd3 O-O 7. O-O c5 8. c3
b6 9. Ne5 Nxe5 10. dxe5 Nd7 11. Bf4 f6 12. exf6 Bxf6 13. Bg3 Bb7 14. e4 Ne5 15.
Bc2 Ba6 16. Re1 Nd3 17. Bxd3 Bxd3 18. Qg4 Re8 19. Qf3 Bxe4 20. Nxe4 dxe4 21.
Rxe4 Qd2 22. Re2 Qd5 23. Re4 Qd2 24. Qe2 Rad8 25. Re1 Qxe2 26. R4xe2 Kf7 27.
Kf1 Rd5 28. Bf4 Bg5 29. c4 Rf5 30. Bxg5 Rxg5 31. Rd2 Re7 32. Re4 h5 33. g3 Rf5
34. Ke2 Kf6 35. Rd8 Rf7 36. Re8 Re7 37. Rxe7 Kxe7 38. Re3 Rf7 39. Rd3 g6 40.
Ke3 Kf6 41. Ke4 Ke7 42. f3 Kf6 43. Rd8 Ke7 44. Rd3 Kf6 45. Rd2 Ke7 46. f4 Kf6
47. h3 Ke7 48. g4 hxg4 49. hxg4 Rh7 50. b3 Rh1 51. Re2 Kd6 52. Kf3 Rh3+ 53. Ke4
Rh1 54. Rd2+ Ke7 55. Kf3 Rh3+ 56. Kg2 Re3 57. Kf2 Rh3 58. Kg2 1/2-1/2

[Event "Division Honor  - Grupo 7-10"]
[Site "?"]
[Date "2017.03.25"]
[Round "9.19"]
[White "Gella Bitrian, Diego"]
[Black "Gomez Anadon, Daniel"]
[Result "0-1"]
[WhiteElo "2000"]
[BlackElo "2175"]
[PlyCount "50"]
[EventDate "2017.03.11"]
[WhiteTeam "Atletismo Huesca"]
[BlackTeam "St. Casablanca B"]

1. e4 Nf6 2. e5 Nd5 3. d4 d6 4. c4 Nb6 5. exd6 cxd6 6. Nc3 g6 7. Be3 Bg7 8. Rc1
O-O 9. Be2 d5 10. b3 dxc4 11. bxc4 Nc6 12. d5 Ne5 13. Qb3 Bf5 14. Nb5 Nbd7 15.
c5 Rc8 16. h3 a6 17. Na7 Qa5+ 18. Bd2 Rxc5 19. Bxa5 Rxc1+ 20. Bd1 Nd3+ 21. Ke2
N7c5 22. Qb6 Nb2 23. Nf3 Bd3+ 24. Ke3 Bh6+ 25. Kd4 Rc4+ 0-1

[Event "Division Honor  - Grupo 7-10"]
[Site "?"]
[Date "2017.03.25"]
[Round "9.20"]
[White "Bellosta Lopez, Pablo"]
[Black "Salazar Gonzalez, Alberto"]
[Result "1-0"]
[WhiteElo "2066"]
[BlackElo "1380"]
[PlyCount "67"]
[EventDate "2017.03.11"]
[WhiteTeam "St. Casablanca B"]
[BlackTeam "Atletismo Huesca"]

1. e4 c5 2. Nf3 d6 3. d4 cxd4 4. Nxd4 Nf6 5. Nc3 a6 6. Be3 e6 7. g4 e5 8. Nf5
Bxf5 9. gxf5 Nbd7 10. Bc4 b5 11. Bb3 Be7 12. f3 O-O 13. Rg1 Kh8 14. Qd2 Ne8 15.
Nd5 Bh4+ 16. Bf2 Bxf2+ 17. Qxf2 a5 18. a4 b4 19. O-O-O Nef6 20. Kb1 Nxd5 21.
Bxd5 Rc8 22. Qg2 Qf6 23. h4 Nb6 24. Bb3 Nc4 25. Qg5 Qxg5 26. hxg5 Rfd8 27. Rd5
Rd7 28. Bxc4 Rxc4 29. Rgd1 Rc6 30. Rxa5 h6 31. g6 fxg6 32. fxg6 Rdc7 33. Rxd6
Rxc2 34. Rd8# 1-0

[Event "Division Honor  - Descenso"]
[Site "?"]
[Date "2017.03.25"]
[Round "9.21"]
[White "Nicolas Zapata, Irene"]
[Black "Llanes Luno, Ricardo"]
[Result "1-0"]
[WhiteElo "2252"]
[BlackElo "2156"]
[PlyCount "97"]
[EventDate "2017.02.25"]
[WhiteTeam "Teruel"]
[BlackTeam "Delicias"]

1. Nf3 d5 2. c4 c6 3. b3 Nf6 4. Bb2 Bf5 5. g3 e6 6. Bg2 Bd6 7. O-O Nbd7 8. d3
O-O 9. Nbd2 e5 10. Re1 Bg6 11. e4 dxe4 12. dxe4 Qe7 13. Qc2 Rad8 14. Bc3 Rfe8
15. Nh4 Bc5 16. h3 Nh5 17. Nf1 Qf6 18. Ne3 Nf8 19. Ng4 Qd6 20. Rad1 Bd4 21. Nf3
c5 22. Kh2 Nf6 23. Ngxe5 Nxe4 24. Bxd4 cxd4 25. Rxd4 Nc5 26. Rxd6 Bxc2 27. Nxf7
Rxd6 28. Nxd6 Rd8 29. Nb5 Bg6 30. Ne5 a6 31. Nc3 Rd2 32. Bd5+ Kh8 33. Kg2 Nd3
34. Nxd3 Rxd3 35. Ne4 b5 36. Nc5 Rd2 37. Nxa6 bxc4 38. bxc4 Rxa2 39. Nb4 Rb2
40. Nc6 h6 41. Ne5 Be8 42. Re3 g5 43. Ng4 Bg6 44. Nxh6 Kh7 45. Ng4 Bb1 46. Re7+
Kg6 47. c5 Rb5 48. Bf7+ Kf5 49. Re5# 1-0

[Event "Division Honor  - Descenso"]
[Site "?"]
[Date "2017.03.25"]
[Round "9.22"]
[White "Roche Simon, Manuel Angel"]
[Black "Garcia Fernandez, Javier"]
[Result "1-0"]
[WhiteElo "2170"]
[BlackElo "2166"]
[PlyCount "123"]
[EventDate "2017.02.25"]
[WhiteTeam "Delicias"]
[BlackTeam "Teruel"]

1. e4 c5 2. Nf3 d6 3. d4 cxd4 4. Nxd4 Nf6 5. Nc3 a6 6. h3 e5 7. Nb3 Be7 8. g4
Be6 9. Bg2 Nfd7 10. Be3 O-O 11. Qd2 Qc7 12. O-O Nb6 13. Bxb6 Qxb6 14. Nd5 Bxd5
15. Qxd5 Nd7 16. Na5 Rac8 17. Nc4 Qc7 18. Ne3 Nb6 19. Qd3 Bg5 20. b3 Bxe3 21.
Qxe3 Qc5 22. c4 Qxe3 23. fxe3 Rc6 24. Rad1 Rd8 25. Rf2 Kf8 26. Rdf1 Rc7 27. g5
a5 28. h4 Ra8 29. Bh3 Kg8 30. h5 g6 31. hxg6 hxg6 32. a4 Kg7 33. Bg4 Rf8 34.
Kg2 Re8 35. Rf6 Ree7 36. Rxd6 Na8 37. Rd8 Nb6 38. Rh1 Nd7 39. Rhh8 f6 40. Rdg8+
Kf7 41. Bxd7 Rexd7 42. Rf8+ Ke7 43. Rxf6 Rc6 44. Rhf8 Rd3 45. R8f7+ Ke8 46.
Rxb7 Rxf6 47. gxf6 Rxe3 48. Re7+ Kf8 49. Rxe5 Rxb3 50. Rxa5 Rb4 51. Rc5 Rxa4
52. Kf3 Ra6 53. e5 Kf7 54. Kf4 Ke6 55. Rd5 Ra4 56. Rd6+ Kf7 57. Rd7+ Ke8 58.
Re7+ Kf8 59. Kg5 Rxc4 60. Kxg6 Rf4 61. Ra7 Ke8 62. e6 1-0

[Event "Division Honor  - Descenso"]
[Site "?"]
[Date "2017.03.25"]
[Round "9.23"]
[White "Dominguez Bujeda, Jesus"]
[Black "Lamas Mercadal, Manuel"]
[Result "1/2-1/2"]
[WhiteElo "2104"]
[BlackElo "2108"]
[PlyCount "145"]
[EventDate "2017.02.25"]
[WhiteTeam "Teruel"]
[BlackTeam "Delicias"]

1. d4 e6 2. c4 f5 3. Nc3 Nf6 4. f3 d5 5. e3 c6 6. Bd3 Bd6 7. Nge2 O-O 8. Qc2 b6
9. cxd5 cxd5 10. Bd2 Ba6 11. Nb5 Bxb5 12. Bxb5 a6 13. Bd3 Ra7 14. O-O Nh5 15.
g3 Rc7 16. Qd1 Qe8 17. Rc1 Qg6 18. Rxc7 Bxc7 19. Qc2 Bd6 20. Kg2 Qf6 21. Qb3 b5
22. Rc1 g5 23. Bb4 Qe7 24. Bxd6 Qxd6 25. Qc3 Nf6 26. Qc7 Qxc7 27. Rxc7 Rf7 28.
Rc2 Rb7 29. Nc1 Kf7 30. Nb3 Nbd7 31. Na5 Ra7 32. Rc8 Nb6 33. Rc2 Nc4 34. Bxc4
dxc4 35. b3 Nd5 36. Kf2 Nb4 37. Rc3 Nxa2 38. Rc2 Nb4 39. Rc3 Nd5 40. Rc1 cxb3
41. Nxb3 a5 42. e4 fxe4 43. fxe4 Nb4 44. Nc5 Na2 45. Rc2 Nb4 46. Rb2 Rc7 47.
Ke3 e5 48. Rf2+ Ke7 49. Rf5 exd4+ 50. Kxd4 Nc6+ 51. Kd5 Nb4+ 52. Kd4 h6 53.
Re5+ Kf7 54. Rf5+ Kg6 55. Ne6 Rc4+ 56. Ke5 Nd3+ 57. Kd6 Rxe4 58. Rxb5 a4 59.
Rc5 Nb2 60. Kd5 Rb4 61. Nd4 Nd1 62. Rc6+ Kh7 63. Kc5 Rb2 64. Ra6 Rxh2 65. Nf5
Re2 66. Ra7+ Kg6 67. g4 Re5+ 68. Kd4 Rb5 69. Ra6+ Kh7 70. Rxh6+ Kg8 71. Rg6+
Kf8 72. Rxg5 Nf2 73. Ng7 1/2-1/2

[Event "Division Honor  - Descenso"]
[Site "?"]
[Date "2017.03.25"]
[Round "9.24"]
[White "Llanes Luno, Pedro Alfredo"]
[Black "Martin Catalan, Juan Vicente"]
[Result "0-1"]
[WhiteElo "2059"]
[BlackElo "2059"]
[PlyCount "80"]
[EventDate "2017.02.25"]
[WhiteTeam "Delicias"]
[BlackTeam "Teruel"]

1. e4 c5 2. Nf3 Nc6 3. Nc3 g6 4. d4 cxd4 5. Nxd4 Bg7 6. Be3 Nf6 7. f3 O-O 8.
Qd2 d5 9. Nxc6 bxc6 10. O-O-O Qa5 11. a3 dxe4 12. Nxe4 Qxd2+ 13. Nxd2 Nd5 14.
Bc5 Rb8 15. Nb3 a5 16. g3 Re8 17. Re1 Bd7 18. a4 Nb6 19. Rd1 Bf5 20. Nxa5 Nxa4
21. Ba3 Bxb2+ 22. Bxb2 Rxb2 23. Bd3 Rb6 24. Bxf5 gxf5 25. Rhe1 Nc3 26. Rd7 e6
27. Kd2 Nd5 28. Nc4 Ra6 29. Rb1 Re7 30. Rd8+ Kg7 31. Ne5 Rc7 32. Rbb8 Nf6 33.
Ke3 Ra5 34. Nc4 Rd5 35. Rh8 Rb5 36. Ra8 Rd7 37. h4 Rc5 38. Nd2 Rc3+ 39. Kf4
Rxd2 40. g4 fxg4 0-1

[Event "Division Honor  - Descenso"]
[Site "?"]
[Date "2017.03.25"]
[Round "9.25"]
[White "Baquedano Coarasa, Pablo"]
[Black "Hinojar Basa, Alfonso"]
[Result "0-1"]
[WhiteElo "2214"]
[BlackElo "2175"]
[PlyCount "170"]
[EventDate "2017.02.25"]
[WhiteTeam "Palacio de Pioneros"]
[BlackTeam "Marcos Frechin"]

1. d4 e6 2. c4 Nf6 3. Nc3 Bb4 4. e3 O-O 5. Nge2 c6 6. a3 Ba5 7. Qc2 d5 8. Ng3
Bc7 9. Be2 Nbd7 10. O-O dxc4 11. Bxc4 Nb6 12. Be2 e5 13. dxe5 Bxe5 14. e4 Ng4
15. Bxg4 Bxg4 16. Be3 Qh4 17. f3 Be6 18. Nce2 Nc4 19. Bc1 Bc7 20. Kh1 Rad8 21.
b3 Ne5 22. Bf4 Rd7 23. Nf5 Bxf5 24. exf5 Rfd8 25. Rad1 Qe7 26. a4 Nd3 27. Bxc7
Nf2+ 28. Kg1 Nxd1 29. Bxd8 Qxd8 30. Qc5 Rd2 31. Nf4 b6 32. Qe5 Qd4+ 33. Qxd4
Rxd4 34. Re1 Kf8 35. Nh5 f6 36. g3 Nb2 37. Re2 Nd3 38. Kg2 Kf7 39. Re6 c5 40.
Rc6 Rd7 41. g4 Ne5 42. Rc8 Rd2+ 43. Kh3 Rd3 44. Rc7+ Rd7 45. Rc8 Rd3 46. Ra8
Rxf3+ 47. Kg2 Rxb3 48. Rxa7+ Kf8 49. Nxg7 Nxg4 50. Ne6+ Ke8 51. Rxh7 Ne3+ 52.
Kf2 Nxf5 53. Nc7+ Kf8 54. Nd5 Nd4 55. Rb7 Rb2+ 56. Ke3 Rxh2 57. Rxb6 f5 58. a5
Ra2 59. a6 Kf7 60. Nc7 Ke7 61. Rb7 Kd7 62. Nd5+ Kd6 63. Nc7 Kc6 64. Kd3 Ra3+
65. Kc4 Ra4+ 66. Kd3 Ra3+ 67. Kd2 f4 68. Ne8 Rxa6 69. Rc7+ Kd5 70. Rd7+ Ke4 71.
Nd6+ Kf3 72. Nc4 Kf2 73. Ne5 Nf3+ 74. Nxf3 Kxf3 75. Rf7 Ra4 76. Ke1 Ra8 77. Rf6
Re8+ 78. Kd2 Rc8 79. Rh6 c4 80. Rh3+ Kg2 81. Rh4 c3+ 82. Kc2 f3 83. Rg4+ Kf1
84. Rf4 f2 85. Rf8 Rxf8 0-1

[Event "Division Honor  - Descenso"]
[Site "?"]
[Date "2017.03.25"]
[Round "9.26"]
[White "Sancho Cortes, Miguel Angel"]
[Black "Romero Pallares, Daniel"]
[Result "0-1"]
[WhiteElo "2063"]
[BlackElo "2211"]
[PlyCount "66"]
[EventDate "2017.02.25"]
[WhiteTeam "Marcos Frechin"]
[BlackTeam "Palacio de Pioneros"]

1. e4 g6 2. d4 Bg7 3. Nf3 d6 4. Be2 Nf6 5. Nc3 O-O 6. O-O a6 7. a4 Nc6 8. d5
Nb4 9. Be3 e6 10. dxe6 Bxe6 11. Nd4 Bd7 12. Bf3 Nc6 13. Nxc6 Bxc6 14. Nd5 Nxd5
15. exd5 Bd7 16. c3 Re8 17. a5 Qh4 18. Qd2 h6 19. g3 Qh3 20. Rfe1 Qf5 21. Bg2
g5 22. Bd4 Rxe1+ 23. Rxe1 Re8 24. Bxg7 Rxe1+ 25. Qxe1 Kxg7 26. c4 Qc2 27. b3
Qxb3 28. Qa1+ f6 29. Qe1 Kf8 30. Bf1 Bf5 31. h4 Qb1 32. Qxb1 Bxb1 33. Bh3 b6
0-1

[Event "Division Honor  - Descenso"]
[Site "?"]
[Date "2017.03.25"]
[Round "9.27"]
[White "Palacios Herrero, Pablo"]
[Black "Ciriano Lamban, Alejandro"]
[Result "0-1"]
[WhiteElo "2095"]
[BlackElo "2012"]
[PlyCount "68"]
[EventDate "2017.02.25"]
[WhiteTeam "Palacio de Pioneros"]
[BlackTeam "Marcos Frechin"]

1. e4 c5 2. Nf3 Nc6 3. d4 cxd4 4. Nxd4 Nf6 5. Nc3 e5 6. Ndb5 d6 7. Bg5 a6 8.
Na3 b5 9. Nd5 Be7 10. Bxf6 Bxf6 11. c3 Ne7 12. Nc2 Bb7 13. c4 Nxd5 14. cxd5 O-O
15. h4 Rc8 16. Ne3 Qa5+ 17. Qd2 Qxd2+ 18. Kxd2 g6 19. a4 Rb8 20. axb5 axb5 21.
b4 Bd8 22. f3 f5 23. Bd3 Bc8 24. Ke2 h5 25. g3 Bb6 26. Nc2 fxe4 27. Bxe4 Bf5
28. Bxf5 gxf5 29. Rhc1 f4 30. Kf1 fxg3 31. Kg2 Rf4 32. Kxg3 Rb7 33. Rf1 Rg7+
34. Kh3 Bd8 0-1

[Event "Division Honor  - Descenso"]
[Site "?"]
[Date "2017.03.25"]
[Round "9.28"]
[White "Fabre Perez, Jose Maria"]
[Black "Dan, Teodor"]
[Result "1-0"]
[WhiteElo "1978"]
[BlackElo "2068"]
[PlyCount "77"]
[EventDate "2017.02.25"]
[WhiteTeam "Marcos Frechin"]
[BlackTeam "Palacio de Pioneros"]

1. e4 g6 2. d4 Bg7 3. Nf3 d6 4. Be2 Nf6 5. Nc3 O-O 6. O-O Bg4 7. h3 Bxf3 8.
Bxf3 Nc6 9. Ne2 e5 10. c3 Qe7 11. d5 Nb8 12. c4 Nfd7 13. Be3 a5 14. a3 Na6 15.
b3 f5 16. Nc3 Qh4 17. Rb1 Nac5 18. Qc2 fxe4 19. Bxe4 Nxe4 20. Qxe4 Qe7 21. b4
axb4 22. axb4 Nf6 23. Qc2 Nh5 24. Ne4 Nf4 25. Qd1 Ra2 26. Qg4 h5 27. Qg5 Qf7
28. Qh4 Qf5 29. Ng3 Qd3 30. Qe7 Qxc4 31. Rbc1 Qxd5 32. Bxf4 exf4 33. Rxc7 Rf7
34. Qe8+ Bf8 35. Ne4 Kg7 36. Nc3 Rxc7 37. Nxd5 Rf7 38. Rc1 Rb2 39. Rc7 1-0

[Event "Division Honor  - Descenso"]
[Site "?"]
[Date "2017.03.25"]
[Round "9.29"]
[White "Cebrian Valverde, Jose Antonio"]
[Black "Moreno Gracia, Daniel"]
[Result "1/2-1/2"]
[WhiteElo "2137"]
[BlackElo "2318"]
[PlyCount "31"]
[EventDate "2017.02.25"]
[WhiteTeam "San Jose"]
[BlackTeam "L'Aurora Estadilla"]

1. d4 d5 2. c4 c6 3. Nf3 Nf6 4. Nc3 e6 5. Bg5 h6 6. Bxf6 Qxf6 7. e3 g6 8. Ne5
Bg7 9. f4 Nd7 10. Qf3 Nxe5 11. fxe5 Qe7 12. O-O-O Bd7 13. e4 dxc4 14. Bxc4 Qb4
15. Qd3 O-O-O 16. Kb1 1/2-1/2

[Event "Division Honor  - Descenso"]
[Site "?"]
[Date "2017.03.25"]
[Round "9.30"]
[White "Solano Lasierra, Javier"]
[Black "Gracia Suarez, Jesus"]
[Result "0-1"]
[WhiteElo "2171"]
[BlackElo "2090"]
[PlyCount "54"]
[EventDate "2017.02.25"]
[WhiteTeam "L'Aurora Estadilla"]
[BlackTeam "San Jose"]

1. d4 Nf6 2. Nf3 c5 3. d5 b5 4. Bg5 Bb7 5. Bxf6 gxf6 6. e4 Qa5+ 7. Nbd2 f5 8.
c3 a6 9. a4 Qb6 10. Qb3 Bh6 11. axb5 axb5 12. Rxa8 Bxa8 13. e5 Rg8 14. Bxb5
Rxg2 15. Bc4 Bxd2+ 16. Nxd2 Qxb3 17. Bxb3 e6 18. c4 Rg4 19. f3 Rg2 20. h4 Na6
21. dxe6 fxe6 22. Bc2 Nb4 23. Kd1 Bxf3+ 24. Nxf3 Nxc2 25. Ng5 Ne3+ 26. Kc1 h6
27. Nh7 Nxc4 0-1

[Event "Division Honor  - Descenso"]
[Site "?"]
[Date "2017.03.25"]
[Round "9.31"]
[White "Gimeno Oteo, Marco Antonio"]
[Black "Cid Royo, Oscar"]
[Result "1-0"]
[WhiteElo "2071"]
[BlackElo "2044"]
[PlyCount "57"]
[EventDate "2017.02.25"]
[WhiteTeam "San Jose"]
[BlackTeam "L'Aurora Estadilla"]

1. e4 c6 2. d4 d5 3. Nc3 dxe4 4. Nxe4 Nf6 5. Nxf6+ exf6 6. c3 Bd6 7. Bd3 O-O 8.
Qc2 g6 9. Ne2 b6 10. h4 Qc7 11. h5 f5 12. Bh6 Re8 13. O-O-O Be6 14. Kb1 c5 15.
c4 Nc6 16. a3 Nxd4 17. Nxd4 cxd4 18. g4 Rac8 19. hxg6 fxg6 20. gxf5 Bxc4 21.
fxg6 Ba2+ 22. Kxa2 Qxc2 23. gxh7+ Kf7 24. Bxc2 Rxc2 25. Rxd4 Be5 26. Be3 Kg6
27. Kb3 Rc7 28. Re4 Rxh7 29. Rg4+ 1-0

[Event "Division Honor  - Descenso"]
[Site "?"]
[Date "2017.03.25"]
[Round "9.32"]
[White "Felez Casedas, Carlos"]
[Black "Palomar Ramon, Santiago"]
[Result "1/2-1/2"]
[WhiteElo "2003"]
[BlackElo "1944"]
[PlyCount "47"]
[EventDate "2017.02.25"]
[WhiteTeam "L'Aurora Estadilla"]
[BlackTeam "San Jose"]

1. e4 e5 2. Nf3 Nc6 3. Nc3 Nf6 4. Bc4 Bc5 5. d3 d6 6. h3 Na5 7. Bb3 Nxb3 8.
axb3 c6 9. Be3 Bxe3 10. fxe3 O-O 11. Qd2 Re8 12. O-O d5 13. exd5 Nxd5 14. Qf2
f6 15. e4 Nf4 16. Ne2 Nxe2+ 17. Qxe2 Be6 18. Qf2 Qb6 19. Ra4 c5 20. Nd2 Qc7 21.
Rfa1 a6 22. Ra5 Rac8 23. Nc4 Red8 24. Ne3 1/2-1/2

[Event "Preferente Aragonesa Grupo A"]
[Site "?"]
[Date "2017.03.25"]
[Round "9.33"]
[White "Citoler Serrat, Adriano"]
[Black "Roque Sola, Gisela"]
[Result "1-0"]
[WhiteElo "1901"]
[BlackElo "2061"]
[PlyCount "57"]
[EventDate "2017.01.28"]
[WhiteTeam "Monzon"]
[BlackTeam "St. Casablanca C"]

1. e4 e6 2. d4 d5 3. e5 c5 4. c3 Nc6 5. Nf3 Nge7 6. Be2 cxd4 7. cxd4 Nf5 8. Nc3
Qb6 9. Na4 Qa5+ 10. Kf1 b5 11. Nc3 b4 12. Na4 Ba6 13. b3 Bxe2+ 14. Kxe2 Be7 15.
Be3 O-O 16. Rc1 f6 17. exf6 Bxf6 18. Qd3 Rac8 19. Rc5 Qd8 20. Rhc1 Qd6 21. Kf1
Nxe3+ 22. Qxe3 h6 23. g4 Bg5 24. Nxg5 hxg5 25. Kg2 Rf4 26. h3 Kf7 27. Nb2 Rh8
28. Rxc6 Rxg4+ 29. hxg4 1-0

[Event "Preferente Aragonesa Grupo A"]
[Site "?"]
[Date "2017.03.25"]
[Round "9.34"]
[White "Rodes Apilluelo, Jose Maria"]
[Black "Barranco Mananet, Fernando"]
[Result "1-0"]
[WhiteElo "2016"]
[BlackElo "1787"]
[PlyCount "83"]
[EventDate "2017.01.28"]
[WhiteTeam "St. Casablanca C"]
[BlackTeam "Monzon"]

1. e4 c5 2. d3 Nc6 3. g3 d5 4. Nd2 Nf6 5. Bg2 g6 6. f4 e5 7. Ngf3 exf4 8. gxf4
Bg7 9. O-O O-O 10. c3 d4 11. Qc2 b6 12. a4 Bb7 13. Nc4 Qd7 14. Nce5 Nxe5 15.
Nxe5 Qd8 16. c4 Qe7 17. Qf2 Nd7 18. Nxd7 Qxd7 19. f5 gxf5 20. Bh3 Qd6 21. Bxf5
Bc8 22. Qh4 Bxf5 23. Rxf5 h6 24. Bf4 Qe6 25. Kh1 Rac8 26. Rg1 Rc6 27. Be5 f6
28. Bf4 Kh7 29. Rxg7+ Kxg7 30. Bxh6+ Kf7 31. Qh5+ Ke7 32. Bxf8+ Kxf8 33. Qh8+
Ke7 34. Rd5 Rd6 35. Qg7+ Ke8 36. Rh5 Qf7 37. Qg4 Ke7 38. Qf5 Qe6 39. Rh7+ Kf8
40. Qh5 Rd8 41. Rh8+ Ke7 42. Qh7+ 1-0

[Event "Preferente Aragonesa Grupo A"]
[Site "?"]
[Date "2017.03.25"]
[Round "9.35"]
[White "Mendoza Barcia, Pedro"]
[Black "Antonano Fedz-Quincoces, Aveli"]
[Result "1-0"]
[WhiteElo "1662"]
[BlackElo "1949"]
[PlyCount "119"]
[EventDate "2017.01.28"]
[WhiteTeam "Monzon"]
[BlackTeam "St. Casablanca C"]

1. e4 c5 2. Nf3 g6 3. d4 cxd4 4. Nxd4 Nc6 5. c4 Nf6 6. Nc3 d6 7. Be2 Nxd4 8.
Qxd4 Bg7 9. O-O O-O 10. Qd3 Be6 11. f3 Nd7 12. b3 a5 13. Bb2 Nc5 14. Qc2 Qb6
15. Kh1 Rfc8 16. Nd5 Bxd5 17. exd5 a4 18. Bxg7 Kxg7 19. Qc3+ f6 20. b4 Nd7 21.
a3 Qa7 22. Rac1 Rc7 23. Qd2 Rac8 24. Rc2 b5 25. Rfc1 bxc4 26. Rxc4 Nb6 27. Rc6
Nxd5 28. Qxd5 Rxc6 29. Rxc6 Qf2 30. h3 Rxc6 31. Qxc6 Qxe2 32. Qxa4 Qe1+ 33. Kh2
Qe5+ 34. Kh1 d5 35. b5 d4 36. Qb3 Qe1+ 37. Kh2 Qc3 38. Qb4 Qc7+ 39. Kh1 d3 40.
b6 Qd7 41. b7 d2 42. b8=Q d1=Q+ 43. Kh2 h5 44. Q8f4 Qa7 45. Qfd2 Qxd2 46. Qxd2
Qxa3 47. Qe2 h4 48. Qe4 g5 49. Qe1 Qd6+ 50. Kh1 e6 51. Qa1 Kg6 52. Qa4 Qe5 53.
Qe8+ Kf5 54. Qc6 Kf4 55. Qc1+ Kg3 56. f4 Qe4 57. Qc3+ Kf2 58. Qd2+ Qe2 59. Qd4+
Kf1 60. Qg1# 1-0

[Event "Preferente Aragonesa Grupo A"]
[Site "?"]
[Date "2017.03.25"]
[Round "9.36"]
[White "Arjol Lopez, Daniel"]
[Black "Arrieta Restrepo, Steven"]
[Result "1-0"]
[WhiteElo "1927"]
[BlackElo "1601"]
[PlyCount "61"]
[EventDate "2017.01.28"]
[WhiteTeam "St. Casablanca C"]
[BlackTeam "Monzon"]

1. e4 c5 2. Nf3 d6 3. Nc3 Nc6 4. d3 Nf6 5. g3 g6 6. Bg2 Bg7 7. O-O O-O 8. Re1
e5 9. h3 a6 10. a4 h6 11. Nd2 Rb8 12. Nf1 Nh7 13. Ne3 Ng5 14. Ng4 h5 15. Bxg5
Qxg5 16. Ne3 Be6 17. Ncd5 Qd8 18. c3 b6 19. Rb1 Qd7 20. Kh2 Bxd5 21. Nxd5 Ne7
22. Nxe7+ Qxe7 23. b4 Bh6 24. Re2 Qc7 25. c4 Rfe8 26. Reb2 Re6 27. Qb3 Rf6 28.
Qa2 Kg7 29. a5 Kh7 30. Kg1 Kg7 31. b5 1-0

[Event "Preferente Aragonesa Grupo A"]
[Site "?"]
[Date "2017.03.25"]
[Round "9.37"]
[White "Maza Broto, Pablo"]
[Black "Guetas Sanchez, Hugo"]
[Result "1/2-1/2"]
[WhiteElo "2022"]
[BlackElo "2131"]
[PlyCount "24"]
[EventDate "2017.01.28"]
[WhiteTeam "Jaime Casas B"]
[BlackTeam "SMA Barbastro"]

1. d4 d5 2. Nf3 Nf6 3. c4 c6 4. cxd5 cxd5 5. Nc3 Nc6 6. Bg5 e6 7. e3 Be7 8. Bd3
O-O 9. O-O Ne8 10. Bxe7 Qxe7 11. Re1 Nf6 12. Ne5 Nxe5 1/2-1/2

[Event "Preferente Aragonesa Grupo A"]
[Site "?"]
[Date "2017.03.25"]
[Round "9.41"]
[White "Aribau Rivas, Miguel Angel"]
[Black "Lacruz Algarate, Alvaro"]
[Result "0-1"]
[WhiteElo "2030"]
[BlackElo "2121"]
[PlyCount "112"]
[EventDate "2017.01.28"]
[WhiteTeam "Fraga"]
[BlackTeam "Monsalud"]

1. e4 c5 2. Nc3 Nc6 3. f4 Qc7 4. Nf3 a6 5. g3 e6 6. Bg2 b5 7. O-O Bb7 8. d3 d6
9. f5 Nf6 10. fxe6 fxe6 11. Bh3 Nd8 12. Ng5 b4 13. Ne2 Bc8 14. Nf4 Qe7 15. a3
bxa3 16. bxa3 g6 17. Rb1 Bg7 18. Bg2 e5 19. Nd5 Nxd5 20. exd5 Bf6 21. Ne4 Bg7
22. Bg5 Qc7 23. Qd2 Bf5 24. c4 O-O 25. Qc2 Bxe4 26. Rxf8+ Bxf8 27. dxe4 Nf7 28.
Bd2 Rb8 29. Bh3 Bh6 30. Bxh6 Nxh6 31. Be6+ Kg7 32. Kg2 Nf7 33. Bxf7 Kxf7 34.
Rb3 Kf6 35. Qf2+ Kg7 36. Qb2 Rxb3 37. Qxb3 Qa5 38. Qd3 Qe1 39. Qc2 h5 40. a4
Kh6 41. h4 g5 42. hxg5+ Kxg5 43. Qd3 h4 44. gxh4+ Qxh4 45. a5 Qf4 46. Qg3+ Qg4
47. Kf2 Kh5 48. Qe3 Qh4+ 49. Ke2 Qh2+ 50. Kd3 Qg2 51. Kc3 Kg4 52. Qh6 Qh3+ 53.
Qxh3+ Kxh3 54. Kd3 Kg2 55. Ke2 Kg3 56. Ke3 Kg4 0-1

[Event "Preferente Aragonesa Grupo A"]
[Site "?"]
[Date "2017.03.25"]
[Round "9.42"]
[White "Soriano Gracia, Manuel"]
[Black "Alsina Franco, Sergio"]
[Result "1-0"]
[WhiteElo "1984"]
[BlackElo "1875"]
[PlyCount "67"]
[EventDate "2017.01.28"]
[WhiteTeam "Monsalud"]
[BlackTeam "Fraga"]

1. e4 e5 2. Nf3 Nc6 3. Bc4 Be7 4. d4 exd4 5. Nxd4 d6 6. O-O Nf6 7. Re1 O-O 8.
Nxc6 bxc6 9. Nc3 Be6 10. Bxe6 fxe6 11. e5 Nd5 12. exd6 Bxd6 13. Ne4 e5 14. c4
Nf6 15. Bg5 Qe7 16. Qf3 Rab8 17. b3 a5 18. Nxf6+ gxf6 19. Bh6 Rfd8 20. Qxc6 Rb6
21. Qd5+ Kh8 22. Rad1 Rg8 23. Be3 c5 24. Rd3 f5 25. Bd2 f4 26. Bxa5 Ra6 27. Bc3
Bb8 28. Qe4 Qg5 29. Rd2 Rh6 30. Ree2 Rh5 31. Qf3 Qh4 32. h3 Rgg5 33. Rd8+ Rg8
34. Rxb8 1-0

[Event "Preferente Aragonesa Grupo A"]
[Site "?"]
[Date "2017.03.25"]
[Round "9.43"]
[White "Chesa Chavarria, Aurelio"]
[Black "Miranda Garcia, Eduardo"]
[Result "1-0"]
[WhiteElo "1770"]
[BlackElo "1844"]
[PlyCount "81"]
[EventDate "2017.01.28"]
[WhiteTeam "Fraga"]
[BlackTeam "Monsalud"]

1. d4 d6 2. c4 Nf6 3. Nc3 g6 4. e4 Bg7 5. Be2 O-O 6. Nf3 Nc6 7. O-O e5 8. d5
Ne7 9. b4 Nd7 10. Ba3 a5 11. Ne1 b6 12. Nd3 f5 13. f3 axb4 14. Bxb4 Ba6 15. Nb5
Nf6 16. Nf2 Bh6 17. Bd2 Bxd2 18. Qxd2 Kg7 19. a4 h6 20. a5 Bxb5 21. cxb5 bxa5
22. Rxa5 Qb8 23. Rfa1 Qb7 24. Qc3 Rxa5 25. Rxa5 fxe4 26. fxe4 Nexd5 27. exd5
Nxd5 28. Qc6 Qxc6 29. bxc6 Nc3 30. Bf3 Kf6 31. Ne4+ Nxe4 32. Bxe4 Kg5 33. Ra3
Rg8 34. Ra7 Rg7 35. Bd5 Kf5 36. g3 g5 37. Kf2 Re7 38. Ke3 h5 39. Ra8 Rg7 40.
Rf8+ Kg4 41. Be6# 1-0